[Event "World Junior U20 Girls 2018"]
[Site "Gebze"]
[Date "2018.09.11"]
[Round "7"]
[White "Stanciu, Ioana-Georgiana"]
[Black "Serikbay, Assel"]
[Result "0-1"]
[WhiteElo "2000"]
[BlackElo "2125"]
[Annotator "ChessBase"]
[PlyCount "82"]
[EventDate "2018.09.05"]
[EventType "swiss"]
[EventCountry "TUR"]
[SourceTitle "playchess.com"]
[Source "ChessBase"]
[SourceQuality "1"]
[TimeControl "40/5400+30:1800+30"]

1. e4 {[%emt 0:00:30]} c5 {[%emt 0:00:30]} 2. Nf3 {[%emt 0:00:30]} e6 {[%emt 0:00:00]} 3. g3 {[%emt 0:00:00]} d5 {[%emt 0:01:00]} 4. exd5 {[%emt 0:02:00]} exd5 {[%emt 0:00:30]} 5. d4 {[%emt 0:00:30]} Nf6 {[%emt 0:00:30]} 6. Bg2 {[%emt 0:01:30]} Be7 {[%emt 0:01:30]} 7. O-O {[%emt 0:01:30]} O-O {[%emt 0:00:30]} 8. h3 {[%emt 0:01:30]} Nc6 {[%emt 0:02:30]} 9. Nc3 {[%emt 0:00:30]} h6 {[%emt 0:03:30]} 10. Bf4 {[%emt 0:03:30]} Be6 {[%emt 0:09:30]} 11. Re1 {[%emt 0:10:30]} Rc8 {[%emt 0:03:30]} 12. Qd2 {[%emt 0:05:30]} cxd4 {[%emt 0:25:30]} 13. Nxd4 {[%emt 0:00:30]} Nxd4 {[%emt 0:00:30]} 14. Qxd4 {[%emt 0:00:30]} Bc5 {[%emt 0:14:30]} 15. Qd2 {[%emt 0:00:00]} Qd7 {[%emt 0:02:30]} 16. Be5 {[%emt 0:08:00]} Be7 {[%emt 0:01:30]} 17. g4 {[%emt 0:05:30]} Rfd8 {[%emt 0:01:30]} 18. Rad1 {[%emt 0:00:30]} b5 {[%emt 0:00:30]} 19. a3 {[%emt 0:00:30]} a5 {[%emt 0:07:30]} 20. g5 {[%emt 0:09:30]} hxg5 {[%emt 0:02:30]} 21. Qxg5 {[%emt 0:00:00]} Ne8 {[%emt 0:02:09]} 22. Qh5 {[%emt 0:03:00]} Qb7 {[%emt 0:02:00]} 23. Rd3 {[%emt 0:22:30]} b4 {[%emt 0:02:41]} 24. axb4 {[%emt 0:00:30]} axb4 {[%emt 0:00:00]} 25. Ne4 {[%emt 0:00:30]} f6 {[%emt 0:01:25]} 26. Bd4 {[%emt 0:04:58]} Bf7 {[%emt 0:00:38]} 27. Qh4 {[%emt 0:00:34]} dxe4 {[%emt 0:03:09]} 28. Bxe4 {[%emt 0:08:33]} f5 {[%emt 0:00:29]} 29. Bxb7 {[%emt 0:01:15]} Bxh4 {[%emt 0:00:30]} 30. Bxc8 {[%emt 0:00:30]} Rxc8 {[%emt 0:00:00]} 31. c3 {[%emt 0:01:30]} b3 {[%emt 0:00:00]} 32. Be5 {[%emt 0:04:08]} Nf6 {[%emt 0:05:34]} 33. Bg3 {[%emt 0:01:57]} Bg5 {[%emt 0:01:19]} 34. Re5 {[%emt 0:00:38]} Bc1 {[%emt 0:00:52]} 35. Re2 {[%emt 0:00:32]} Bc4 {[%emt 0:00:45]} 36. Rdd2 {[%emt 0:01:37]} Bxe2 {[%emt 0:01:14]} 37. Rxe2 {[%emt 0:00:01]} Ne4 {[%emt 0:03:25]} 38. Be5 {[%emt 0:00:21]} Nc5 {[%emt 0:01:21]} 39. c4 {[%emt 0:02:27]} Nd3 {[%emt 0:01:06]} 40. Bd4 {[%emt 0:00:00]} Rxc4 {[%emt 0:00:00]} 41. Be3 {[%emt 0:03:59]} Nxb2 {[%emt 0:05:53]} 0-1

[Event "World Junior U20 Girls 2018"]
[Site "Gebze"]
[Date "2018.09.11"]
[Round "7"]
[White "Nemcova, Karin"]
[Black "Heydarova, Aytaj"]
[Result "0-1"]
[WhiteElo "1990"]
[BlackElo "1948"]
[Annotator "NA"]
[PlyCount "54"]
[EventDate "2018.09.05"]
[EventType "swiss"]
[EventCountry "TUR"]
[SourceTitle "playchess.com"]
[Source "ChessBase"]
[SourceQuality "1"]
[TimeControl "40/5400+30:1800+30"]

1. e4 {[%emt 0:00:30]} c5 {[%emt 0:00:30]} 2. Nf3 {[%emt 0:00:30]} d6 {[%emt 0:00:30]} 3. d4 {[%emt 0:00:30]} cxd4 {[%emt 0:00:00]} 4. Nxd4 {[%emt 0:00:00]} Nf6 {[%emt 0:00:00]} 5. Nc3 {[%emt 0:00:00]} g6 {[%emt 0:00:00]} 6. Be3 {[%emt 0:00:00]} Bg7 {[%emt 0:00:00]} 7. f3 {[%emt 0:00:00]} Nc6 {[%emt 0:00:30]} 8. Qd2 {[%emt 0:00:00]} O-O {[%emt 0:00:00]} 9. Bc4 {[%emt 0:00:00]} a6 {[%emt 0:02:00]} 10. O-O-O {[%emt 0:02:30]} Nxd4 {[%emt 0:02:30]} 11. Bxd4 {[%emt 0:00:30]} Be6 {[%emt 0:00:30] B77: Sicilian Dragon: Yugoslav Attack, 9 Bc4 sidelines} (11... b5 12. Bb3 Bb7 13. h4 a5 14. Nxb5 a4 15. Bc4 Ba6 16. Na3 Qc8 17. Bxa6 Rxa6 18. g4 Rc6 19. g5 Nh5 20. Bxg7 Nxg7 {1-0 (49) Blaskowski,J (2287)-Schuette,M (2267) Bayern 2009}) 12. Nd5 {[%emt 0:03:30]} Bxd5 {[%emt 0:00:30]} 13. Bxd5 $146 {[%emt 0:00:30]} ({Predecessor:} 13. Bxf6 Bxc4 14. Bxg7 Kxg7 15. Qd4+ Kg8 16. Qxc4 Rc8 17. Qb3 Qc7 {½-½ (17) Toth,P (1799)-Pilisi,L (2019) Senta 2010}) 13... Qc7 {[%emt 0:04:30]} 14. h4 {[%emt 0:03:30]} Rac8 {[%emt 0:06:30]} 15. Bb3 {[%emt 0:02:30]} b5 {[%emt 0:21:30]} 16. h5 {[%emt 0:13:30]} Rfd8 {[%emt 0:13:30]} 17. hxg6 {[%emt 0:01:30]} hxg6 {[%emt 0:00:00]} 18. Bxf6 {[%emt 0:09:30]} (18. Kb1 $18) 18... Bxf6 {[%emt 0:09:00]} 19. Qh6 {[%emt 0:10:30]} e6 {[%emt 0:06:30]} 20. Qd2 {[%emt 0:15:30]} d5 {[%emt 0:01:30]} 21. f4 {[%emt 0:04:30]} dxe4 {[%emt 0:02:30]} 22. Qe3 {[%emt 0:00:30]} a5 {[%emt 0:07:30]} 23. a4 {[%emt 0:07:30]} bxa4 {[%emt 0:04:43]} 24. Bxa4 $19 {[%emt 0:00:00]} Rd3 {[%emt 0:08:36]} 25. Rxd3 {[%emt 0:12:30]} exd3 {[%emt 0:00:06]} 26. Qe4 {[%emt 0:06:59]} dxc2 {[%emt 0:02:11]} 27. Bxc2 {[%emt 0:01:03]} Rb8 {[%emt 0:03:14]} 0-1

[Event "World Junior U20 Girls 2018"]
[Site "Gebze"]
[Date "2018.09.11"]
[Round "7"]
[White "Aubert, Laurane"]
[Black "Caglar, Sila"]
[Result "0-1"]
[WhiteElo "1970"]
[BlackElo "2208"]
[Annotator "ChessBase"]
[PlyCount "76"]
[EventDate "2018.09.05"]
[EventType "swiss"]
[EventCountry "TUR"]
[SourceTitle "playchess.com"]
[Source "ChessBase"]
[SourceQuality "1"]
[TimeControl "40/5400+30:1800+30"]

1. e4 {[%emt 0:00:30]} c5 {[%emt 0:00:30]} 2. Nc3 {[%emt 0:00:30]} d6 {[%emt 0:00:00]} 3. f4 {[%emt 0:00:00]} g6 {[%emt 0:00:00]} 4. Nf3 {[%emt 0:00:00]} Bg7 {[%emt 0:00:30]} 5. Bc4 {[%emt 0:00:00]} Nc6 {[%emt 0:00:30]} 6. O-O {[%emt 0:01:00]} e6 {[%emt 0:00:30]} 7. f5 {[%emt 0:06:30]} gxf5 {[%emt 0:03:30]} 8. d3 {[%emt 0:06:30]} Nge7 {[%emt 0:01:30]} 9. Ng5 {[%emt 0:03:30]} Ne5 {[%emt 0:20:30]} 10. Bb3 {[%emt 0:08:30]} h6 {[%emt 0:04:30]} 11. Nh3 {[%emt 0:11:30]} Bd7 {[%emt 0:10:30]} 12. Nf4 {[%emt 0:14:30]} Qb6 {[%emt 0:06:30]} 13. Nh5 {[%emt 0:10:30]} Rg8 {[%emt 0:00:30]} 14. Qe1 {[%emt 0:08:30]} fxe4 {[%emt 0:14:30]} 15. dxe4 {[%emt 0:04:30]} c4+ {[%emt 0:05:30]} 16. Be3 {[%emt 0:00:30]} Qa6 {[%emt 0:01:30]} 17. Qh4 {[%emt 0:06:07]} cxb3 {[%emt 0:04:30]} 18. axb3 {[%emt 0:02:46]} Qc6 {[%emt 0:00:30]} 19. Bxh6 {[%emt 0:01:53]} Bh8 {[%emt 0:04:38]} 20. Bg5 {[%emt 0:09:00]} Qc5+ {[%emt 0:01:34]} 21. Kh1 {[%emt 0:00:05]} Nf3 {[%emt 0:00:56]} 22. Rxf3 {[%emt 0:01:39]} Qxg5 {[%emt 0:00:48]} 23. Qxg5 {[%emt 0:01:14]} Rxg5 {[%emt 0:00:08]} 24. Nf4 {[%emt 0:00:33]} Ng6 {[%emt 0:00:49]} 25. Nh3 {[%emt 0:01:00]} Rc5 {[%emt 0:00:10]} 26. Raf1 {[%emt 0:00:51]} f5 {[%emt 0:03:12]} 27. Rg3 {[%emt 0:00:48]} Ne7 {[%emt 0:00:26]} 28. exf5 {[%emt 0:00:25]} Rxf5 {[%emt 0:00:29]} 29. Rd1 {[%emt 0:00:56]} Be5 {[%emt 0:00:18]} 30. Re3 {[%emt 0:00:00]} O-O-O {[%emt 0:00:50]} 31. Ne4 {[%emt 0:00:24]} Bc6 {[%emt 0:01:38]} 32. Ng3 {[%emt 0:00:33]} Rf6 {[%emt 0:01:27]} 33. Red3 {[%emt 0:00:43]} Rdf8 {[%emt 0:00:28]} 34. c3 {[%emt 0:00:23]} Nf5 {[%emt 0:00:27]} 35. Ne2 {[%emt 0:00:34]} Nh4 {[%emt 0:00:40]} 36. Rg1 {[%emt 0:00:26]} Rf1 {[%emt 0:00:00]} 37. Nhf4 {[%emt 0:00:36]} Bxf4 {[%emt 0:01:12]} 38. Rxf1 {[%emt 0:00:49]} Bxg2+ {[%emt 0:00:07]} 0-1

[Event "World Junior U20 Girls 2018"]
[Site "Gebze"]
[Date "2018.09.11"]
[Round "7"]
[White "Vujcic, Milena"]
[Black "Incecik, Seyma Zeynep"]
[Result "0-1"]
[WhiteElo "1955"]
[BlackElo "1716"]
[Annotator "NA RC"]
[PlyCount "74"]
[EventDate "2018.09.05"]
[EventType "swiss"]
[EventCountry "TUR"]
[SourceTitle "playchess.com"]
[Source "ChessBase"]
[SourceQuality "1"]
[TimeControl "40/5400+30:1800+30"]

1. e4 {[%emt 0:00:30]} d5 {[%emt 0:00:30]} 2. exd5 {[%emt 0:00:30]} Qxd5 {[%emt 0:00:30]} 3. Nc3 {[%emt 0:00:00]} Qa5 {[%emt 0:00:00]} 4. d4 {[%emt 0:00:00]} c6 {[%emt 0:00:00]} 5. Nf3 {[%emt 0:00:00]} Nf6 {[%emt 0:00:00]} 6. Bc4 {[%emt 0:00:00]} Bf5 {[%emt 0:00:00]} 7. Bd2 {[%emt 0:00:30]} e6 {[%emt 0:00:30]} 8. Nd5 {[%emt 0:00:30]} Qd8 {[%emt 0:00:30]} 9. Nxf6+ {[%emt 0:00:30]} gxf6 {[%emt 0:00:00]} 10. Qe2 {[%emt 0:00:30]} Qc7 {[%emt 0:01:00]} 11. O-O-O {[%emt 0:06:30]} Nd7 $14 {[%emt 0:03:30]} 12. Nh4 {[%emt 0:03:30]} Bg6 {[%emt 0:01:30]} 13. f4 {[%emt 0:08:30]} f5 {[%emt 0:02:30]} 14. Rhe1 {[%emt 0:12:30]} O-O-O {[%emt 0:00:30]} 15. Bb3 {[%emt 0:11:30]} Be7 {[%emt 0:06:30]} 16. Nf3 {[%emt 0:01:30]} Bh5 {[%emt 0:01:30]} 17. h3 {[%emt 0:04:30]} Bh4 {[%emt 0:17:30]} 18. Rf1 {[%emt 0:04:30]} Bg3 {[%emt 0:02:30]} 19. Qe3 {[%emt 0:01:30]} Nf8 {[%emt 0:02:30]} 20. Ne5 {[%emt 0:13:30]} Bxd1 {[%emt 0:00:30]} 21. Qxg3 {[%emt 0:00:30]} Bh5 {[%emt 0:00:30]} 22. Qg7 {[%emt 0:07:30]} Nd7 {[%emt 0:11:30]} 23. Nxd7 {[%emt 0:00:30]} Qxd7 {[%emt 0:00:30]} 24. Bc3 {[%emt 0:02:30]} c5 {[%emt 0:01:30]} 25. g4 {[%emt 0:03:19]} cxd4 {[%emt 0:03:30]} 26. Rd1 {[%emt 0:02:37]} Qc7 {[%emt 0:06:30]} 27. Bd2 {[%emt 0:07:12]} fxg4 {[%emt 0:01:30]} 28. hxg4 {[%emt 0:01:02]} Rhg8 {[%emt 0:00:30]} 29. Qxh7 {[%emt 0:01:07]} Bg6 {[%emt 0:02:30]} 30. Qh2 {[%emt 0:00:04]} Bxc2 {[%emt 0:01:30]} 31. Bxc2 {[%emt 0:00:30]} d3 {[%emt 0:00:30]} 32. Bc3 {[%emt 0:00:00]} dxc2 {[%emt 0:00:00]} 33. Kxc2 {[%emt 0:00:00]} Rxd1 {[%emt 0:00:00]} 34. Kxd1 {[%emt 0:00:00]} Rxg4 {[%emt 0:00:30]} 35. Be5 {[%emt 0:00:09]} Qc4 {[%emt 0:03:30]} 36. Qf2 {[%emt 0:01:30]} Qd5+ {[%emt 0:00:30]} 37. Ke1 {[%emt 0:00:13]} Qh1+ {[%emt 0:00:30]} 0-1

[Event "World Junior U20 Girls 2018"]
[Site "Gebze"]
[Date "2018.09.11"]
[Round "7"]
[White "Kyrkjebo, Hanna B"]
[Black "Ozbay, Ece"]
[Result "0-1"]
[WhiteElo "1947"]
[BlackElo "2114"]
[Annotator "ChessBase"]
[PlyCount "66"]
[EventDate "2018.09.05"]
[EventType "swiss"]
[EventCountry "TUR"]
[SourceTitle "playchess.com"]
[Source "ChessBase"]
[SourceQuality "1"]
[TimeControl "40/5400+30:1800+30"]

1. e4 {[%emt 0:00:30]} c5 {[%emt 0:00:30]} 2. Nf3 {[%emt 0:00:30]} e6 {[%emt 0:00:30]} 3. b3 {[%emt 0:00:00]} b6 {[%emt 0:00:00]} 4. Bd3 {[%emt 0:00:00]} Bb7 {[%emt 0:00:00]} 5. O-O {[%emt 0:00:30]} d6 {[%emt 0:03:30]} 6. Bb2 {[%emt 0:02:30]} Nf6 {[%emt 0:00:30]} 7. e5 {[%emt 0:04:30]} dxe5 {[%emt 0:00:30]} 8. Nxe5 {[%emt 0:01:30]} Bd6 {[%emt 0:03:30]} 9. Bb5+ {[%emt 0:10:30]} Nbd7 {[%emt 0:02:30]} 10. Re1 {[%emt 0:01:30]} Qc7 {[%emt 0:00:30]} 11. Qe2 {[%emt 0:14:30]} O-O {[%emt 0:07:30]} 12. Na3 {[%emt 0:04:30]} a6 {[%emt 0:08:30]} 13. Bd3 {[%emt 0:06:30]} Nd5 {[%emt 0:04:30]} 14. Qh5 {[%emt 0:19:30]} g6 {[%emt 0:09:30]} 15. Ng4 {[%emt 0:03:30]} e5 {[%emt 0:05:30]} 16. Qh6 {[%emt 0:11:47]} f5 {[%emt 0:07:30]} 17. Ne3 {[%emt 0:00:57]} Nxe3 {[%emt 0:01:30]} 18. Rxe3 {[%emt 0:01:59]} b5 {[%emt 0:00:30]} 19. Rg3 {[%emt 0:01:40]} Nb6 {[%emt 0:05:30]} 20. f3 {[%emt 0:05:42]} Nd5 {[%emt 0:03:30]} 21. Rxg6+ {[%emt 0:05:23]} hxg6 {[%emt 0:00:30]} 22. Qxg6+ {[%emt 0:00:07]} Qg7 {[%emt 0:00:00]} 23. Qe6+ {[%emt 0:00:48]} Rf7 {[%emt 0:08:00]} 24. Qxd6 {[%emt 0:00:52]} Nf4 {[%emt 0:00:00]} 25. g3 {[%emt 0:01:48]} Nh3+ {[%emt 0:07:00]} 26. Kf1 {[%emt 0:00:41]} Re8 {[%emt 0:00:30]} 27. Be2 {[%emt 0:00:29]} f4 {[%emt 0:01:30]} 28. g4 {[%emt 0:00:31]} Qg5 {[%emt 0:02:17]} 29. Qxc5 {[%emt 0:00:31]} Qh4 {[%emt 0:00:40]} 30. Qb6 {[%emt 0:00:31]} Re6 {[%emt 0:01:22]} 31. Qc5 {[%emt 0:00:27]} Rc6 {[%emt 0:00:25]} 32. Qa7 {[%emt 0:00:47]} Bc8 {[%emt 0:00:01]} 33. Qa8 {[%emt 0:00:42]} Qf2# {[%emt 0:00:07]} 0-1

[Event "World Junior U20 Girls 2018"]
[Site "Gebze"]
[Date "2018.09.11"]
[Round "7"]
[White "Kyrkjebo, Marte B"]
[Black "Rousseau, Christilla"]
[Result "1/2-1/2"]
[WhiteElo "1935"]
[BlackElo "1677"]
[Annotator "NA"]
[PlyCount "97"]
[EventDate "2018.09.05"]
[EventType "swiss"]
[EventCountry "TUR"]
[SourceTitle "playchess.com"]
[Source "ChessBase"]
[SourceQuality "1"]
[TimeControl "40/5400+30:1800+30"]

1. e4 {[%emt 0:00:30]} c6 {[%emt 0:00:30]} 2. d4 {[%emt 0:00:30]} d5 {[%emt 0:00:30]} 3. e5 {[%emt 0:00:00]} Bf5 {[%emt 0:00:00]} 4. Nf3 {[%emt 0:00:00]} e6 {[%emt 0:00:00]} 5. Be2 {[%emt 0:00:00]} c5 {[%emt 0:00:30]} 6. Be3 {[%emt 0:01:00]} Qb6 {[%emt 0:07:30]} 7. Nc3 {[%emt 0:04:30]} c4 {[%emt 0:29:30]} 8. Qc1 {[%emt 0:13:30]} Nc6 {[%emt 0:02:30]} 9. O-O {[%emt 0:03:30]} Qd8 {[%emt 0:06:30]} 10. Qd2 {[%emt 0:17:30]} h6 {[%emt 0:06:30]} 11. Ne1 {[%emt 0:09:30]} Nge7 {[%emt 0:02:30]} 12. f4 $11 {[%emt 0:01:30]} Bh7 {[%emt 0:02:30]} 13. Nf3 {[%emt 0:00:30]} Nf5 {[%emt 0:00:30]} 14. Bf2 {[%emt 0:00:30]} a6 {[%emt 0:04:30]} 15. g4 {[%emt 0:13:30]} Nfe7 {[%emt 0:00:30]} 16. Bg3 {[%emt 0:01:30]} b5 {[%emt 0:01:30]} 17. Nh4 {[%emt 0:04:30]} Qb6 {[%emt 0:02:30]} 18. Rad1 {[%emt 0:01:30]} Qd8 {[%emt 0:10:59]} 19. Ra1 {[%emt 0:00:30]} Qb6 {[%emt 0:00:30]} 20. Rad1 {[%emt 0:00:30]} Nc8 {[%emt 0:00:30]} 21. Kh1 {[%emt 0:03:30]} b4 {[%emt 0:09:01]} 22. Na4 {[%emt 0:02:30]} Qa5 {[%emt 0:00:32]} 23. b3 {[%emt 0:02:22]} c3 {[%emt 0:00:43]} 24. Qc1 {[%emt 0:01:15]} Be7 {[%emt 0:02:33]} 25. Ng2 {[%emt 0:07:05]} N8a7 {[%emt 0:01:32]} 26. f5 {[%emt 0:02:03]} Bg5 {[%emt 0:02:46]} 27. Bf4 {[%emt 0:00:40]} Bxf4 {[%emt 0:03:30]} 28. Qxf4 {[%emt 0:00:41]} O-O {[%emt 0:01:49]} 29. f6 {[%emt 0:05:19]} g5 {[%emt 0:00:19]} 30. Qg3 {[%emt 0:01:06]} Bxc2 {[%emt 0:00:31]} 31. Qh3 {[%emt 0:00:59]} Kh7 {[%emt 0:00:09]} 32. Bd3+ {[%emt 0:00:00]} Bxd3 {[%emt 0:00:38]} 33. Qxd3+ {[%emt 0:00:00]} Kh8 {[%emt 0:00:06]} 34. Rf3 {[%emt 0:01:26]} Rg8 {[%emt 0:00:18]} 35. Rh3 {[%emt 0:00:34]} Rg6 {[%emt 0:00:33]} 36. Rh5 {[%emt 0:00:54]} Qb5 {[%emt 0:00:38]} 37. Qc2 {[%emt 0:00:48]} Nxd4 {[%emt 0:00:22]} 38. Qf2 {[%emt 0:01:42]} c2 {[%emt 0:00:55]} 39. Qxd4 {[%emt 0:01:22]} cxd1=Q+ {[%emt 0:00:30]} 40. Qxd1 {[%emt 0:00:00]} Rc8 {[%emt 0:00:17]} 41. h4 {[%emt 0:30:25]} Qc6 {[%emt 0:30:23]} 42. Kh2 {[%emt 0:00:00]} Qc2 {[%emt 0:00:00]} 43. Qf3 {[%emt 0:00:00]} Qe4 {[%emt 0:00:00]} 44. Qg3 {[%emt 0:00:00]} Rc2 {[%emt 0:00:00]} 45. hxg5 {[%emt 0:00:00]} Rxg2+ {[%emt 0:00:00]} 46. Qxg2 {[%emt 0:00:00]} Qxe5+ {[%emt 0:00:00]} 47. Kg1 {[%emt 0:00:00]} Qe1+ {[%emt 0:00:00]} 48. Kh2 {[%emt 0:00:00]} Qe5+ {[%emt 0:00:00]} 49. Kg1 {[%emt 0:00:00]} 1/2-1/2

[Event "World Junior U20 Girls 2018"]
[Site "Gebze"]
[Date "2018.09.11"]
[Round "7"]
[White "Salah, Nadezhda"]
[Black "Varshini, V."]
[Result "0-1"]
[WhiteElo "1918"]
[BlackElo "2173"]
[Annotator "ChessBase"]
[PlyCount "56"]
[EventDate "2018.09.05"]
[EventType "swiss"]
[EventCountry "TUR"]
[SourceTitle "playchess.com"]
[Source "ChessBase"]
[SourceQuality "1"]
[TimeControl "40/5400+30:1800+30"]

1. c4 {[%emt 0:00:30]} e5 {[%emt 0:00:30]} 2. Nc3 {[%emt 0:00:00]} Nf6 {[%emt 0:00:30]} 3. Nf3 {[%emt 0:00:00]} Nc6 {[%emt 0:00:30]} 4. e3 {[%emt 0:00:30]} Be7 {[%emt 0:06:30]} 5. Qb3 {[%emt 0:01:30]} d6 {[%emt 0:01:30]} 6. Be2 {[%emt 0:01:30]} O-O {[%emt 0:00:30]} 7. O-O {[%emt 0:01:30]} Rb8 {[%emt 0:02:30]} 8. d4 {[%emt 0:01:30]} exd4 {[%emt 0:16:30]} 9. exd4 {[%emt 0:05:30]} a6 {[%emt 0:02:30]} 10. a3 {[%emt 0:11:30]} Re8 {[%emt 0:03:30]} 11. h3 {[%emt 0:11:30]} h6 {[%emt 0:05:30]} 12. Rd1 {[%emt 0:34:30]} Bf8 {[%emt 0:01:30]} 13. Qc2 {[%emt 0:00:30]} Bd7 {[%emt 0:00:30]} 14. b3 {[%emt 0:00:30]} Ne7 {[%emt 0:12:30]} 15. Bd3 {[%emt 0:03:30]} Qc8 {[%emt 0:01:30]} 16. Ne2 {[%emt 0:04:08]} Bf5 {[%emt 0:11:30]} 17. Ng3 {[%emt 0:00:07]} Bxd3 {[%emt 0:01:30]} 18. Qxd3 {[%emt 0:00:15]} Ng6 {[%emt 0:00:30]} 19. d5 {[%emt 0:01:40]} Nd7 {[%emt 0:03:30]} 20. Bb2 {[%emt 0:00:54]} Nde5 {[%emt 0:03:30]} 21. Qc3 {[%emt 0:01:18]} Nf4 {[%emt 0:06:52]} 22. Nxe5 {[%emt 0:01:43]} dxe5 {[%emt 0:00:14]} 23. Re1 {[%emt 0:00:00]} b5 {[%emt 0:04:24]} 24. Ne4 {[%emt 0:06:49]} Rb6 {[%emt 0:06:01]} 25. Re3 {[%emt 0:02:42]} Rg6 {[%emt 0:01:07]} 26. Ng3 {[%emt 0:00:25]} h5 {[%emt 0:00:26]} 27. h4 {[%emt 0:00:50]} Bc5 {[%emt 0:01:22]} 28. Rf3 {[%emt 0:01:32]} Rxg3 {[%emt 0:00:15]} 0-1

[Event "World Junior U20 Girls 2018"]
[Site "Gebze"]
[Date "2018.09.11"]
[Round "7"]
[White "Ince, Safiye Oyku"]
[Black "Auvray, Honorine"]
[Result "1/2-1/2"]
[WhiteElo "1905"]
[BlackElo "2050"]
[Annotator "NA"]
[PlyCount "92"]
[EventDate "2018.09.05"]
[EventType "swiss"]
[EventCountry "TUR"]
[SourceTitle "playchess.com"]
[Source "ChessBase"]
[SourceQuality "1"]
[TimeControl "40/5400+30:1800+30"]

1. e4 {[%emt 0:00:30]} c5 {[%emt 0:00:30]} 2. Nf3 {[%emt 0:00:30]} Nc6 {[%emt 0:00:30]} 3. c3 {[%emt 0:00:00]} Nf6 {[%emt 0:00:00]} 4. e5 {[%emt 0:00:00]} Nd5 {[%emt 0:00:00]} 5. Bc4 {[%emt 0:00:00]} Nb6 {[%emt 0:00:30]} 6. Bb3 {[%emt 0:00:00]} d5 {[%emt 0:00:00]} 7. exd6 {[%emt 0:00:30]} Qxd6 {[%emt 0:00:00]} 8. O-O {[%emt 0:00:30]} c4 {[%emt 0:00:30]} 9. Bc2 {[%emt 0:00:30]} Bg4 {[%emt 0:00:00] B22: Sicilian: 2 c3} (9... g6 10. b3 Bg7 11. Na3 cxb3 12. axb3 O-O 13. Nc4 Nxc4 14. bxc4 Be6 15. Qe2 Qc5 16. Ra4 Na5 17. d4 Qc7 18. Bd3 Rac8 19. Bf4 Qxf4 20. Rxa5 {½-½ (31) Piorun,K (2633)-Wojtaszek,R (2750) Warsaw 2018}) 10. h3 {[%emt 0:00:30]} Bh5 {[%emt 0:00:00]} 11. Re1 {[%emt 0:00:00]} e6 {[%emt 0:01:30]} 12. b3 {[%emt 0:00:00]} Be7 {[%emt 0:08:30]} 13. Na3 {[%emt 0:06:30]} cxb3 {[%emt 0:09:30]} 14. axb3 {[%emt 0:00:30]} O-O {[%emt 0:02:30]} 15. d4 {[%emt 0:01:30]} Bf6 $146 {[%emt 0:11:30]} ({Predecessor:} 15... Nd5 16. Bd2 Rac8 17. Be4 {1-0 (34) Gabrielian,A (2554)-Nikologorskiy,K (2414) Moscow 2015}) 16. Nb5 {[%emt 0:19:30]} Qb8 {[%emt 0:03:30]} 17. Qd3 {[%emt 0:15:30]} Bg6 {[%emt 0:01:30]} 18. Qd2 {[%emt 0:00:30]} Bxc2 {[%emt 0:07:30]} 19. Qxc2 {[%emt 0:01:30]} a6 {[%emt 0:00:30]} 20. Na3 {[%emt 0:01:30]} Nd5 {[%emt 0:07:30]} 21. Nc4 {[%emt 0:06:30]} Qc7 {[%emt 0:00:30]} 22. Bg5 {[%emt 0:06:30]} Rac8 {[%emt 0:14:30]} 23. Bxf6 {[%emt 0:03:30]} Nxf6 {[%emt 0:00:30]} 24. Rac1 {[%emt 0:01:30]} Rfd8 {[%emt 0:01:30]} 25. Red1 $11 {[%emt 0:02:30]} b5 {[%emt 0:06:30]} 26. Ne3 {[%emt 0:01:30]} Qf4 {[%emt 0:00:30]} 27. Qb2 {[%emt 0:05:30]} Rb8 {[%emt 0:08:16]} 28. Qa1 {[%emt 0:01:30]} a5 {[%emt 0:02:21]} 29. c4 {[%emt 0:00:30]} bxc4 {[%emt 0:01:55]} 30. Rxc4 {[%emt 0:02:30]} Qd6 {[%emt 0:01:12]} 31. Qa4 {[%emt 0:00:30]} Ne7 {[%emt 0:01:42]} 32. Rc5 {[%emt 0:02:30]} Rb4 {[%emt 0:03:21]} 33. Qxa5 {[%emt 0:01:30]} Rxb3 {[%emt 0:00:15]} 34. Nc4 {[%emt 0:00:30]} Qb8 {[%emt 0:00:45]} 35. Nce5 {[%emt 0:00:30]} Nfd5 {[%emt 0:01:43]} 36. Ng5 {[%emt 0:02:01]} f6 {[%emt 0:04:54]} 37. Nxe6 {[%emt 0:00:13]} Rd6 {[%emt 0:00:08]} 38. Nc4 {[%emt 0:00:06]} Rb1 {[%emt 0:01:48]} 39. Rxb1 {[%emt 0:01:10]} Qxb1+ {[%emt 0:00:30]} 40. Kh2 {[%emt 0:00:00]} Rxe6 {[%emt 0:00:00]} 41. Rxd5 {[%emt 0:01:30]} Nxd5 {[%emt 0:09:40]} 42. Qd8+ {[%emt 0:01:30]} Kf7 {[%emt 0:01:30]} 43. Qxd5 {[%emt 0:00:00]} Qb8+ {[%emt 0:00:00]} 44. g3 {[%emt 0:00:00]} Qc7 {[%emt 0:02:12]} 45. Qh5+ {[%emt 0:01:30]} Kg8 {[%emt 0:01:02]} 46. d5 {[%emt 0:00:30]} Qxc4 {[%emt 0:07:40]} 1/2-1/2